MARC

LEADER 00000nlm0a2200000 4500
001 660317
005 20240206111458.0
035 |a (RuTPU)RU\TPU\network\29497 
035 |a RU\TPU\network\29496 
090 |a 660317 
100 |a 20190528d2019 m y0rusy50 ca 
101 0 |a rus 
102 |a RU 
105 |a a j 000zy 
135 |a jrcn ---uucaa 
181 0 |a i  
182 0 |a b 
200 1 |a Методы принятия управленческих решений  |e электронный курс  |f Л. Р. Тухватулина  |g Национальный исследовательский Томский политехнический университет, Школа инженерного предпринимательства 
203 |a Текст  |c электронный 
210 |a Томск  |c TPU Moodle  |d 2019 
300 |a Заглавие с экрана 
333 |a Доступ по логину и паролю 
606 1 |a Управленческие решения  |x Принятие  |2 stltpush  |3 (RuTPU)RU\TPU\subj\37173  |9 58293 
610 1 |a электронный ресурс 
610 1 |a труды учёных ТПУ 
610 1 |a электронное обучение 
610 1 |a электронные курсы ТПУ 
610 1 |a электронные учебные пособия 
610 1 |a электронные образовательные ресурсы 
610 1 |a Moodle 
610 1 |a e-learning 
610 1 |a заочное обучение 
610 1 |a дистанционное обучение 
610 1 |a дистанционное образование 
686 |a У9(2)212.8я73  |2 rubbk 
700 1 |a Тухватулина  |b Л. Р.  |c экономист  |c доцент Томского политехнического университета, кандидат философских наук  |f 1982-  |g Лилия Равильевна  |3 (RuTPU)RU\TPU\pers\26744  |9 12387 
712 0 2 |a Национальный исследовательский Томский политехнический университет  |b Школа инженерного предпринимательства  |c (2017- )  |3 (RuTPU)RU\TPU\col\23544 
801 2 |a RU  |b 63413507  |c 20191217  |g RCR 
856 4 |u https://design.lms.tpu.ru/course/view.php?id=2570 
942 |c CF